| 000 | 01611nam a2200253 a 4500 | ||
|---|---|---|---|
| 001 | 000016854 | ||
| 005 | 20240412074245.0 | ||
| 008 | 100311s2010 dr 001 0 spa d | ||
| 020 | _z9789945002683 | ||
| 040 |
_aDO-SdBNP _bspa _cBNPHU |
||
| 082 |
_aRD861.44 _bM878e, 2010 |
||
| 100 | 1 |
_aMorrison, Mateo, _d1947- _91469 |
|
| 245 | 1 | 0 |
_aEspasmos en la noche / _cMateo Morrison. |
| 250 | _a2a ed. Corregida | ||
| 260 |
_aSanto Domingo : _bEditora Universitaria UASD, _c2010. |
||
| 300 |
_a47 p. ; _c22 cm. |
||
| 505 | 1 | _aMateo Morrison. La poesía como experiencia vivida palabras de Enrique Eusebio en la presentación de la primera edición del libro Espasmos en la noche -- Espasmos en la noche 1 -- La cámara me observa -- Los ejercicios -- Decálogo reflexivo -- Ecología -- Inmadurez -- elementos para un dibujo -- Dormitando en la avenida -- Reunión de máscaras -- Búsqueda -- Retornar a tu vientre -- Preocupaciones por los huesos -- Egbert -- Nada más -- Los sobrevivientes -- De amores derruidos -- Primer sueño -- Los dos mares -- La música en tu cuerpo -- Los ángeles de Mieses -- Almuerzo de estrellas -- En la esquina del viento -- Otro homenaje -- Colores de la muerte -- Un imán en la sombra -- La mujer que se viste -- Cuando nací -- Este aposento -- Los sonido que alientan -- La timidez me impidió ver tus senos cuando nacián. | |
| 586 | _aPremio Nacional de Literatura 2010 | ||
| 590 | _aInventariado, 2018/LP | ||
| 650 | 0 |
_aPoesía dominicana _966 |
|
| 650 | 0 |
_aLiteratura dominicana. _967 |
|
| 700 | 1 |
_aSim, Eric _937317 |
|
| 910 | _aValidado. Control de calidad. MMOLINA | ||
| 999 |
_c16386 _d16386 |
||